| 000 | 02793nam a22004454c 4500 | ||
|---|---|---|---|
| 001 | 194591 | ||
| 003 | SpMaBN | ||
| 005 | 20250824094049.0 | ||
| 008 | 230307s2023 sp | |||| 000 0 spa | ||
| 015 | _aMON23 | ||
| 017 |
_aM 841-2023 _bOficina Depósito Legal Madrid |
||
| 020 | _a9788419370440 | ||
| 040 |
_aSpMaBN _bspa _cSpMaBN _erda |
||
| 080 | _a821.134.2(6).09 | ||
| 100 | 1 |
_aNistal, Gloria _9234310 |
|
| 245 | 1 | 0 |
_aEstudios sobre literatura africana y afroamericana en español / _cGloria Nistal |
| 250 | _a[Primera edición, 2023] | ||
| 264 | 1 |
_aMadrid (España) : _bSial Ediciones, _c[2023] |
|
| 300 |
_a387 páginas ; _c21 cm |
||
| 336 |
_aTexto _2rdacontent |
||
| 337 |
_asin mediación _2rdamedia |
||
| 338 |
_avolumen _2rdacarrier |
||
| 490 | 1 |
_aCasa de África ; _v113 _9176545 |
|
| 500 | _aReúne artículos que han sido presentados en distintos congresos y muchos publicados en revistas especializadas en literatura africana | ||
| 504 | _aIncluye referencias bibliográficas | ||
| 520 | _aEste libro reúne artículos que han sido presentados en distintos congresos y muchos de ellos se han publicado con posterioridad en revistas especializadas en literatura africana como Oráfrica; Iberorromania; Afroeuropa; Hispanitas; Kalejdoskop Afrykanski; Candil o BradAmante. Un pequeño grupo de artículos han sido estudios incluidos en algunos libros de las editoriales Sial Pigmalión, Diwan o Punto rojo. En su mayoría los artículos tratan de la literatura de autores guineoecuatorianos, como María Nsué; Donato Ndongo; Justo Bolekia; Ciriako Bokesa; Leoncio Evita; José Fernando Siale; Maximiliano Nkogo y otros autores y autoras relevantes de Guinea Ecuatorial, pero se encuentran también textos dedicados a autores nacidos en Marruecos (León Cohén Mesonero), poetas colombianas afrodescendientes (María Teresa Ramírez Nieva; Mary Grueso Romero y Elcina Valencia Córdoba) o un estudio sobre la influencia en la literatura y el arte del mito de la reina Dido, reina de Cartago. Gloria Nistal | ||
| 650 | 0 |
_aLiteratura africana (Español)- _xHistoria y crítica _9236236 |
|
| 655 | 0 |
_aCríticas literarias _9233806 |
|
| 655 | 4 |
_aArtículos _9175745 |
|
| 655 | 0 |
_aAntologías _9176540 |
|
| 830 | 0 |
_9176545 _aCasa de África ; _v113 |
|
| 852 |
_aES-MaACL _cDEPOJ _jN-8875 _xEncuadernación rústica con solapas _hDonación: Editorial _9203914 |
||
| 852 |
_aES-MaACL _bR.154656 _cDEPOJ _jN-9428 _9200686 _xEncuadernación rústica con solapas _hDonación: Gloria Nistal |
||
| 903 |
_9234310 _aNistal, Gloria _ednr |
||
| 942 |
_2udc _cMONOGRAFIA _n0 |
||
| 999 |
_c194591 _d194591 |
||